000 00394nam a2200109Ia 4500
008 220216s9999 xx 000 0 und d
100 _aSamsudin Bin Tugiman
245 0 _aPaths of tecnology flow from research to end-users
260 _bTechnology Transfer: Proceedings of the IRRDB Socio-Economic Symposium, Jakarta, 1992; p17-24
700 _aRaja Badrul Shah Bin Raja Shah Kobat
942 _cJS
999 _c64643
_d64643